Statistiques concernant đź“– 150 premiers mots "Le premier miracle" Legardinier

Cliquez ici pour prendre le quiz!

Statistiques générales

  • Ce quiz a Ă©tĂ© pris 18 fois
  • Le rĂ©sultat moyen est 87 sur 150

Statistiques - réponses

Mots% Correct
Ă -
100%
Ă 
100%
avait
100%
c'
100%
d'
100%
D'
100%
en
100%
et
100%
Ă©tait
100%
il
100%
Il
100%
la
100%
lĂ ,
100%
lĂ .
100%
le
100%
M.
100%
n'
100%
qu'
100%
que
100%
s'
100%
Tout
100%
un.
100%
un
100%
une
100%
Au
92%
au
92%
Ce
92%
ce
92%
de
92%
du
92%
pas
92%
qui
92%
bien
83%
cet
83%
fois,
83%
lui
83%
plus
83%
Pour
83%
sa
83%
sa ...
83%
ses
83%
soir-
83%
soir,
83%
son
83%
y
83%
aurait
75%
avec
75%
été
75%
faisait
75%
fait
75%
peu
75%
avaient
67%
commencé
67%
nuit,
67%
premier
67%
cela
58%
cela.
58%
contraire.
58%
froid.
58%
Kuolong
58%
quelqu'
58%
rien
58%
aimait
42%
cependant
42%
effet-
42%
important.
42%
part
42%
vis
42%
vis-
42%
lors
33%
mĂŞme.
33%
ordinaire,
33%
regard
33%
Pourtant,
25%
Ă©tage
17%
presque
17%
quinquagenaire
17%
salon
17%
Surtout
17%
voyait
17%
annonçait
8%
ciel.
8%
davantage
8%
devant
8%
espérait
8%
intime
8%
malgré
8%
parlé
8%
trouver
8%
adolescent
0%
adresses,
0%
américaine,
0%
attendre.
0%
baie
0%
carnet
0%
compagnies
0%
contrĂ´le
0%
dîner
0%
dominant
0%
Ă©cho.
0%
éléctroniques.
0%
enjeux
0%
Ă©pais
0%
éprouvé
0%
Essentiel
0%
heureux.
0%
immense
0%
longtemps
0%
mince
0%
patienter
0%
prises
0%
professionnel,
0%
propriété,
0%
récentes
0%
rencontre --
0%
rendait
0%
résidence
0%
scrutait
0%
tellement
0%
troublé
0%
VoilĂ 
0%

Distribution des résultats

Percentile par nombre de réponses

% des personnes avec chaque résultat

Votre développement - résultats

Vous n’avez pas pris ce quiz